A falusi turizmus bemutatása az orfűi Rácz Tanya példáján keresztül
| Main Author: | |
|---|---|
| Other Authors: | |
| Format: | Final Paper |
| Kulcsszavak: | Falusi turizmus Kistérség, Pécs Turizmus, Orfű Turizmusfejlesztés Rácz Tanya, Orfű |
| Online Access: | http://dolgozattar.uni-bge.hu/59324 |
MARC
| LEADER | 00000nta a2200000 i 4500 | ||
|---|---|---|---|
| 001 | dolg59324 | ||
| 005 | 20260113084416.0 | ||
| 008 | 260113suuuu hu o 000 hun d | ||
| 040 | |a BGE Dolgozattár Repozitórium |b hun | ||
| 041 | |a hu | ||
| 100 | 1 | |a Molnár Dániel János | |
| 245 | 1 | 2 | |a A falusi turizmus bemutatása az orfűi Rácz Tanya példáján keresztül |c Molnár Dániel János |h [elektronikus dokumentum] |
| 516 | |a Final_paper | ||
| 695 | |a Falusi turizmus | ||
| 695 | |a Kistérség, Pécs | ||
| 695 | |a Turizmus, Orfű | ||
| 695 | |a Turizmusfejlesztés | ||
| 695 | |a Rácz Tanya, Orfű | ||
| 700 | 1 | |a Kővári István |e ths | |
| 856 | 4 | 0 | |u http://dolgozattar.uni-bge.hu/59324/1/Molnar-Daniel-Janos.pdf |z Dokumentum-elérés |